000 00894cab a2200253 4500
001 ABS54258
008 090401t1996 xxu||||| |||| 00| 0 eng d
035 _a(Sirsi) u9343
041 _aeng
100 _aCornes, D.L.
245 _aSecond edition of the New Engineering Contract
260 _c1996
350 _a0
490 _aInternational Construction Law Review
_v13(1) January 1996, 97-119(23)
520 _aExplains the major differences between the first edition of the "New Engineering Contract" and the second entitled "Engineering and Construction Contract".
650 _aBUILT ENVIRONMENT-BUILDING CONTRACT FORMS
650 _aCIVIL ENGINEERING CONTRACTS
650 _aENGINEERING AND CONSTRUCTION CONTRACT
650 _aNEW ENGINEERING CONTRACT
650 _aTRUST FUNDS
690 _aBUILT ENVIRONMENT-BUILDING CONTRACT FORMS
942 _n0
948 _c04/03/1997
999 _c5820
_d5820